Apuntes sobre la colonia : problemas sociales y políticos /

Estudio sobre los problemas sociales y políticos suscitados durante la época de la Colonia en México, que es el primero de tres tomos de una breve historia del período de dominación española en México.

Gardado en:
Detalles Bibliográficos
Autor Principal: Chávez, Ezequiel A. (autor)
Formato: Libro
Idioma:Lingua castelá
Publicado: México : Jus, 1958
Series:(Figuras y Episodios de la Historia de México ; 52)
Temas:
Etiquetas: Engadir etiqueta
Sen Etiquetas, Sexa o primeiro en etiquetar este rexistro!

MARC

LEADER 00000nam^a2200000^a^4500
001 000014379
005 20250521000000.0
009 20260310083939.789
037 |a Acervo ITESO - Biblioteca 
041 |a ESP 
082 |a 972. 03  |b CHA V. 1 
100 |a Chávez, Ezequiel A.  |e (autor) 
240 1 1 |a [Apuntes sobre la colonia] 
245 1 0 |a Apuntes sobre la colonia :  |b problemas sociales y políticos /  |c E.A. Chávez. 
264 1 |a México :  |b Jus,  |c 1958 
300 |a 100 p. 
336 |a texto  |b txt  |2 rdacontenido 
337 |a sin mediación  |b n  |2 rdamedio 
338 |a volumen  |b nc  |2 rdasoporte 
440 1 |a (Figuras y Episodios de la Historia de México ;  |v 52) 
520 |a Estudio sobre los problemas sociales y políticos suscitados durante la época de la Colonia en México, que es el primero de tres tomos de una breve historia del período de dominación española en México. 
649 |a XX 
650 |a Problemas Sociales -  |z México -  |x Historia -  |y Epoca Colonial, 1517-1821 
650 |a Política -  |z México -  |x Historia -  |y Epoca Colonial, 1517-1821 
650 |a México -  |x Condiciones Sociales y Culturales 
650 |a México -  |x Condiciones Políticas 
650 |a México -  |x Historia -  |y Epoca Colonial, 1517-1821 
910 |a Fondo General 
920 |a Impresos - Libros 
930 |a Colección General 
905 |a 101 
901 |a 0143790100  |b IT1  |c ACC  |i 014379  |u 20250521 
901 |a 0500121961  |b IT1  |c ACC  |u 20250521 
902 |a https://opac.biblio.iteso.mx/vufind/Record/000014379